[Event "op"]
[Site "Oberwart"]
[Date "1997.07.13"]
[Round "9"]
[White "Steiner, Peter"]
[Black "Petschar, Kurt"]
[Result "1/2-1/2"]
[WhiteElo "2170"]
[BlackElo "2270"]
[PlyCount "95"]
[EventDate "1997.07.13"]

1. e4 c5 2. Nc3 Nc6 3. g3 g6 4. Bg2 Bg7 5. d3 e6 6. f4 Nge7 7. Be3 d6 8. Nf3
Nd4 9. O-O O-O 10. Rb1 Rb8 11. Ne2 Nxf3+ 12. Bxf3 b6 13. c3 Bb7 14. d4 Qc7 15.
Rc1 Bc6 16. Qb3 Qb7 17. c4 Bxe4 18. Bxe4 Qxe4 19. Rce1 cxd4 20. Bf2 Nf5 21.
Nxd4 Nxd4 22. Rxe4 Nxb3 23. axb3 Bxb2 24. Rd1 Rfd8 25. Bd4 Bxd4+ 26. Rexd4 Kf8
27. Rxd6 Ke7 28. R6d2 a5 29. Kf2 Rxd2+ 30. Rxd2 Rd8 31. Rb2 Kd6 32. b4 axb4 33.
Rxb4 Kc6 34. Ke3 f6 35. Ra4 e5 36. fxe5 fxe5 37. Ke4 Rd2 38. h4 Re2+ 39. Kf3
Rd2 40. Ke4 Re2+ 41. Kf3 Rc2 42. Ke4 Rc3 43. g4 Rh3 44. Kxe5 Rxh4 45. g5 Rg4
46. Kf6 Rf4+ 47. Kg7 Rf5 48. Kh6 {} 1/2-1/2

[Event "op"]
[Site "Oberwart"]
[Date "1997.07.13"]
[Round "9"]
[White "Wadsack, Wolfgang"]
[Black "Pingitzer, Harald"]
[Result "1/2-1/2"]
[WhiteElo "2165"]
[BlackElo "2260"]
[PlyCount "81"]
[EventDate "1997.07.13"]

1. e4 c6 2. d4 d5 3. exd5 cxd5 4. c4 Nf6 5. Nc3 Nc6 6. Bg5 Qa5 7. Bxf6 exf6 8.
cxd5 Bb4 9. Qd2 Ne7 10. Bc4 O-O 11. Nge2 Bg4 12. f3 Rac8 13. Bb3 Bf5 14. O-O
Rfd8 15. g4 Bg6 16. Rac1 h6 17. Nf4 Bd6 18. Rf2 b5 19. Re1 Bh7 20. Rfe2 Kf8 21.
Nh5 Bg6 22. Nxf6 {} 22... gxf6 23. Qxh6+ Ke8 24. Rxe7+ Bxe7 25. d6 Rxd6 26.
Qh8+ Kd7 27. Rxe7+ Kxe7 28. Qxc8 Qb6 29. Qc5 Qxc5 30. dxc5 Rc6 31. Nxb5 Rxc5
32. Nc3 f5 33. Kf2 Kd6 34. Kg3 fxg4 35. fxg4 Re5 36. h4 f6 37. h5 Bh7 38. Kf4
Re1 39. Bc4 Rh1 40. Ne4+ Ke7 41. b3 1/2-1/2

[Event "op"]
[Site "Oberwart"]
[Date "1997.07.13"]
[Round "9"]
[White "Nagy, Bence"]
[Black "Nielsen, Max"]
[Result "1/2-1/2"]
[WhiteElo "2106"]
[BlackElo "2255"]
[PlyCount "39"]
[EventDate "1997.07.13"]

1. e4 c5 2. Nf3 Nc6 3. d4 cxd4 4. Nxd4 Nf6 5. Nc3 e5 6. Ndb5 d6 7. Bg5 a6 8.
Na3 b5 9. Bxf6 gxf6 10. Nd5 f5 11. c3 Bg7 12. exf5 Bxf5 13. Nc2 Be6 14. g3 O-O
15. Bg2 Rb8 16. O-O Qd7 17. Ncb4 Nxb4 18. Nxb4 a5 19. Nd5 f5 20. Qh5 {.}
1/2-1/2

[Event "op"]
[Site "Oberwart"]
[Date "1997.07.13"]
[Round "9"]
[White "Beck, Hartmuth"]
[Black "Allacher, Erwin"]
[Result "1-0"]
[WhiteElo "2250"]
[BlackElo "2098"]
[PlyCount "80"]
[EventDate "1997.07.13"]

1. d4 Nf6 2. c4 e6 3. Nc3 d5 4. cxd5 exd5 5. Bg5 Be7 6. e3 O-O 7. Bd3 c6 8. Qc2
Nbd7 9. Nf3 h6 10. Bh4 Re8 11. O-O Ne4 12. Bxe7 Qxe7 13. Rab1 Ndf6 14. b4 Bg4
15. Ne5 Bf5 16. Ne2 Bh7 17. Rfc1 Nd6 18. a4 a6 19. Nc3 Rac8 20. Bxh7+ Nxh7 21.
h3 Nf6 22. Qb3 Nfe4 23. Nxe4 Nxe4 24. Rc2 Nd6 25. Rbc1 Qe6 26. Nd3 Re7 27. Nf4
Qf5 28. Rc5 Rce8 29. b5 axb5 30. axb5 g5 31. g4 Qf6 32. Nh5 Qf3 33. bxc6 Ne4
34. Qb2 bxc6 35. Rxc6 Qxh3 36. Qe2 Nd2 {} 37. Nf6+ Kg7 38. Qxd2 Rh8 39. Nh5+
Kh7 40. Qc2+ Re4 1-0

[Event "op"]
[Site "Oberwart"]
[Date "1997.07.13"]
[Round "9"]
[White "Kreindl, Helmut"]
[Black "Seifert, Milan"]
[Result "1/2-1/2"]
[WhiteElo "2055"]
[BlackElo "2240"]
[PlyCount "44"]
[EventDate "1997.07.13"]

1. e4 g6 2. d4 Bg7 3. Nf3 d6 4. Nc3 Nc6 5. Be3 Nf6 6. h3 O-O 7. Qd2 Re8 8. Bc4
Na5 9. Be2 a6 10. a4 b6 11. b4 Nc6 12. Rb1 e5 13. d5 Nd4 14. Nxd4 exd4 15. Bxd4
Nxe4 16. Nxe4 Rxe4 17. Bxg7 Kxg7 18. O-O a5 19. Rfe1 Qf6 20. Bb5 Rxe1+ 21. Qxe1
axb4 22. Qxb4 Ba6 {.} 1/2-1/2

[Event "op"]
[Site "Oberwart"]
[Date "1997.07.13"]
[Round "9"]
[White "Buchegger, Karl"]
[Black "Strauss, Anton"]
[Result "0-1"]
[WhiteElo "1962"]
[BlackElo "2240"]
[PlyCount "62"]
[EventDate "1997.07.13"]

1. c4 e5 2. Nc3 Nc6 3. g3 g6 4. Bg2 Bg7 5. e4 d6 6. Nge2 Be6 7. d3 Qd7 8. Rb1
a5 9. a3 Nge7 10. O-O O-O 11. b4 axb4 12. axb4 Bg4 13. f3 Be6 14. Nd5 Ra2 15.
Nec3 Rxg2+ 16. Kxg2 Bh3+ 17. Kg1 Bxf1 18. Qxf1 f5 19. Be3 f4 20. gxf4 exf4 21.
Bf2 Nd4 22. Qg2 Nxd5 23. Nxd5 c6 24. Nb6 Qe6 25. Kf1 Nc2 26. b5 Ne3+ 27. Bxe3
fxe3 28. Ke2 Bd4 29. bxc6 bxc6 30. Qf1 Qe5 31. Qg2 Qa5 {} 0-1